比霧更深的地方
| 資料類型: | 圖書 | 書目號: | 53093 |
Leader xxxxxxxxxx 001 __ 102597/1/01 005 __ 20190417142326.014 010 0_ |a978-986-359-634-9|b平裝|d新臺幣350元 042 __ |anbim 100 __ |a20190417d2019 k y0chiy50 e 101 0_ |achi 102 __ |atw 105 __ |ay z 000cy 200 1_ |a比霧更深的地方|f張惠菁著 205 __ |a初版 210 __ |a新北市|c木馬文化出版|c遠足文化發行|d2019[民108] 215 0_ |a216面|d21公分 225 12 |a愛讀|v83 700 _1 |a張|b惠菁|4著 681 __ |a855|b8735 801 _0 |atw|bLibDipper|c20190417|gCCR |